| 000 | 01672nam a22003017c 4500 | ||
|---|---|---|---|
| 999 |
_c22916 _d22916 |
||
| 003 | AR-CdUCM | ||
| 008 | 240522b20222022 pe||||| |||| 00| 0 spa d | ||
| 020 | _a978-612-49070-6-7 | ||
| 040 |
_aMUNICIPALIDAD PROVINCIAL DEL CUSCO _cBIBLIOTECA MUNICIPAL DEL CUSCO |
||
| 082 |
_a398.20985 / H37 _bH37 |
||
| 100 |
_aHelfgott Seier, Federico. _949946 |
||
| 245 |
_aVoces del Perú : _bMemoria y tradición oral / |
||
| 260 |
_aLima : _bMinisterio de Cultura del Perú, _bProyecto Especial Bicentenario de la Independencia del Perú, _c2022 |
||
| 300 |
_a224 páginas. : _c21 cm. |
||
| 500 | _zBibliografía: páginas 213 - 221 | ||
| 505 | _aNarrar el mundo: la tradición oral desde el relato -- Oralidad y tradición -- Narraciones entrelazadas -- Mundos paralelos -- El lugar de la verdad -- El paisaje como libro -- Narrando y danzando los orígenes -- Narrar la vida y la historia: la memoria desde el testimonio -- La memoria y el olvido -- El testimonio como reivindicación -- Memorias de lucha campesina -- El recuerdo del abuso -- La memoria colectiva -- La historia oral colectiva -- "No todo esta perdido" | ||
| 650 |
_aNarrar el mundo: la tradición oral desde el relato _949947 |
||
| 650 |
_aOralidad y tradición _949948 |
||
| 650 |
_aEl lugar de la verdad _949949 |
||
| 650 |
_aNarrar la vida y la historia: la memoria desde el testimonio _949950 |
||
| 650 |
_aEl testimonio como reivindicación _949951 |
||
| 650 |
_aMemorias de lucha campesina _949952 |
||
| 650 |
_aLa historia oral colectiva _949953 |
||
| 700 |
_aElizabeth Lino Cornejo _949954 |
||
| 856 | _fwww.bicentenario.gob.pe/biblioteca | ||
| 942 |
_2ddc _cLIBROS |
||
| 945 |
_apbj _d2024-05-22 |
||